[Event "XXXIV Open Internacional de Barbera del Valles - G
[Site "Barbera del Valles (Spain)"]
[Date "2011.07.05"]
[Round "2"]
[Board "1"]
[White "MASCARO MARCH, Pedro"]
[Black "POZANCO ROMASANTA, Marc"]
[Result "1-0"]
[WhiteElo "2413"]
[BlackElo "1916"]
[PlyCount "151"]
[EventDate "2011.07.04"]
[EventRounds "9"]
[EventCountry "ESP"]

1.d4 c5 2.d5 e5 3.Nc3 d6 4.e4 Be7 5.Nf3 Bg4 6.h3 Bxf3 7.Qxf3 a6 8.a4 Bg5 9.Bxg5
Qxg5 10.h4 Qf6 11.Qe3 h5 12.g3 Ne7 13.Bh3 Nd7 14.Nb1 Qh6 15.Qxh6 Rxh6 16.Nd2 Nf6
17.f3 Kd8 18.Nc4 Kc7 19.Kf2 Rhh8 20.a5 Nc8 21.b4 Re8 22.Rhb1 Rb8 23.b5 axb5
24.Rxb5 Nd7 25.Rab1 Re7 26.R5b3 Na7 27.Nb6 Nf8 28.Ra1 Ree8 29.Nc4 Ng6 30.Rb6
Red8 31.a6 Ne7 32.axb7 Rxb7 33.Rba6 Nac8 34.Ke3 g6 35.Kd3 f5 36.Ne3 Rf8 37.Rf1
Ra7 38.Rxa7+ Nxa7 39.exf5 gxf5 40.f4 e4+ 41.Kd2 Nb5 42.Ra1 Kd7 43.Ra5 Nc7 44.Ra7
Kd8 45.Ke2 Rf6 46.c4 Kc8 47.Kf2 Kb8 48.Ra3 Kb7 49.Rb3+ Ka7 50.Bf1 Ne8 51.Nd1 Ng7
52.Nc3 Nc8 53.Nb5+ Ka8 54.Be2 Rf7 55.Ra3+ Kb7 56.Bd1 Rd7 57.Bb3 Ne8 58.Ba4 Nf6
59.Nc3 Rg7 60.Bc6+ Kc7 61.Nb5+ Kb6 62.Ra8 Ng4+ 63.Ke2 Ne7 64.Rb8+ Ka5 65.Nxd6
Rg6 66.Rb5+ Ka6 67.Bb7+ Ka7 68.Nc8+ Nxc8 69.Bxc8 Nh6 70.Be6 Rxg3 71.d6 Rg2+
72.Kd1 e3 73.d7 Rd2+ 74.Ke1 Rd6 75.Rxc5 Ng4 76.Rd5 1-0

[Event "XXXIV Open Internacional de Barbera del Valles - G
[Site "Barbera del Valles (Spain)"]
[Date "2011.07.05"]
[Round "2"]
[Board "1"]
[White "MINGARRO CARCELLER, Sergi"]
[Black "HUERGA LEACHE, Mikel"]
[Result "0-1"]
[WhiteElo "2069"]
[BlackElo "2453"]
[PlyCount "158"]
[EventDate "2011.07.04"]
[EventRounds "9"]
[EventCountry "ESP"]

1.e4 e6 2.Nf3 d5 3.Nc3 Nf6 4.e5 Nfd7 5.d4 c5 6.dxc5 Nc6 7.Bf4 Bxc5 8.Bd3 f6
9.exf6 Nxf6 10.Qe2 O-O 11.O-O-O a6 12.h4 Bd6 13.Bxd6 Qxd6 14.Rhe1 b5 15.Kb1 Bd7
16.Qd2 Qc5 17.Ng5 b4 18.Na4 Qa5 19.b3 e5 20.f3 h6 21.Nh3 Nd4 22.c3 bxc3 23.Qxc3
Qxc3 24.Nxc3 Bxh3 25.gxh3 Nxf3 26.Rf1 Nd4 27.Rfe1 Rfc8 28.Na4 Nd7 29.Bg6 Nf3
30.Bf5 Nxe1 31.Bxd7 Nf3 32.Nb6 Rd8 33.Be6+ Kh8 34.Nxa8 Rxa8 35.Bxd5 Rf8 36.h5
Nd4 37.Re1 Rf5 38.Rc1 Rxh5 39.Rc8+ Kh7 40.Be4+ g6 41.Rc7+ Kg8 42.Bxg6 Rxh3
43.Ra7 Rh1+ 44.Kb2 Rh2+ 45.Kb1 h5 46.Re7 Nf3 47.Kc1 h4 48.Be4 Nd4 49.Rxe5 Rxa2
50.Bd5+ Kg7 51.Bc4 h3 52.Rh5 h2 53.Bd3 Nxb3+ 54.Kb1 Ra1+ 55.Kb2 h1=Q 56.Rxh1
Rxh1 57.Kxb3 Rh3 58.Kc2 a5 59.Bf5 Rg3 60.Kb2 Kf6 61.Be4 Ke5 62.Bh7 Kd4 63.Ka2
Kc5 64.Kb2 Kb4 65.Bf5 Rg2+ 66.Ka1 Ka3 67.Be4 Ra2+ 68.Kb1 Re2 69.Bd5 a4 70.Bf7
Rb2+ 71.Ka1 Rf2 72.Bg6 Kb3 73.Be4 Ra2+ 74.Kb1 Rd2 75.Ka1 a3 76.Bf5 Ra2+ 77.Kb1
Re2 78.Ka1 a2 79.Be6+ Ka3 0-1

[Event "XXXIV Open Internacional de Barbera del Valles - G
[Site "Barbera del Valles (Spain)"]
[Date "2011.07.05"]
[Round "2"]
[Board "1"]
[White "MARMILI, Giulio"]
[Black "CRUZ RAVINA, Francisco Javier"]
[Result "1/2-1/2"]
[WhiteElo "2165"]
[BlackElo "2399"]
[PlyCount "115"]
[EventDate "2011.07.04"]
[EventRounds "9"]
[EventCountry "ESP"]

1.Nf3 Nf6 2.g3 g6 3.Bg2 Bg7 4.O-O O-O 5.c4 d6 6.d3 e5 7.Qc2 Nc6 8.Nbd2 Ne8 9.Rb1
g5 10.e3 f5 11.b4 h6 12.b5 Ne7 13.Nb3 Ng6 14.Ne1 Nf6 15.f4 exf4 16.exf4 gxf4
17.Bxf4 Nxf4 18.Rxf4 Ng4 19.Qd2 Rb8 20.a4 Qe8 21.Nc2 Qg6 22.Re1 Bf6 23.h3 Ne5
24.d4 Nxc4 25.Bd5+ Kh8 26.Bxc4 Qxg3+ 27.Kh1 Bg5 28.Ref1 Qxh3+ 29.Qh2 Qxh2+
30.Kxh2 Bxf4+ 31.Rxf4 Bd7 32.Kg2 c6 33.Ne3 cxb5 34.axb5 Rbc8 35.Na5 Rb8 36.Kf2
a6 37.b6 Bc6 38.Be6 Be4 39.d5 Kg7 40.Nec4 Rfd8 41.Ke3 Kf6 42.Rf2 Ke7 43.Kf4 Rdc8
44.Re2 Bd3 45.Re3 Rxc4+ 46.Nxc4 Bxc4 47.Rc3 Bb5 48.Rc7+ Kf6 49.Rh7 a5 50.Rxh6+
Kg7 51.Rh3 a4 52.Bxf5 Rf8 53.Rg3+ Kf7 54.Ke4 Ra8 55.Be6+ Kf6 56.Rf3+ Kg5 57.Rg3+
Kh4 58.Rh3+ 1/2-1/2

[Event "XXXIV Open Internacional de Barbera del Valles - G
[Site "Barbera del Valles (Spain)"]
[Date "2011.07.05"]
[Round "2"]
[Board "1"]
[White "CARSTENSEN, Jacob"]
[Black "AMRUTHA, Mokal"]
[Result "1-0"]
[WhiteElo "2391"]
[BlackElo "2042"]
[PlyCount "83"]
[EventDate "2011.07.04"]
[EventRounds "9"]
[EventCountry "ESP"]

1.d4 Nf6 2.c4 e6 3.g3 Bb4+ 4.Bd2 Be7 5.Bg2 d5 6.Nf3 O-O 7.O-O b6 8.cxd5 exd5
9.Nc3 Bb7 10.Ne5 Qc8 11.Bg5 Nbd7 12.Qa4 c6 13.Rac1 Re8 14.Bh3 Qd8 15.Nxc6 Bxc6
16.Qxc6 Rc8 17.Qb5 Rc4 18.Bxd7 a6 19.Qxa6 Qxd7 20.Bxf6 Bxf6 21.Nxd5 Rxc1
22.Nxf6+ gxf6 23.Rxc1 Qxd4 24.b3 Kg7 25.e3 Rxe3 26.Qc4 Qxc4 27.Rxc4 Re2 28.a4
Re6 29.Kg2 Kg6 30.Kf3 f5 31.b4 f6 32.a5 bxa5 33.bxa5 Ra6 34.Ra4 Kf7 35.Kf4 Ke6
36.f3 Kd5 37.Kxf5 Kc5 38.h4 Kb5 39.Ra1 Kb4 40.g4 Kc3 41.h5 Kb3 42.Ke4 1-0

[Event "XXXIV Open Internacional de Barbera del Valles - G
[Site "Barbera del Valles (Spain)"]
[Date "2011.07.05"]
[Round "2"]
[Board "1"]
[White "KASHTANOV, Ruslan"]
[Black "DURAN, Reinaldo"]
[Result "1-0"]
[WhiteElo "2360"]
[BlackElo "2098"]
[PlyCount "81"]
[EventDate "2011.07.04"]
[EventRounds "9"]
[EventCountry "ESP"]

1.Nf3 c5 2.c4 Nc6 3.d4 cxd4 4.Nxd4 g6 5.e4 Bg7 6.Nc2 Nf6 7.Nc3 O-O 8.Be2 d6
9.O-O Nd7 10.Bd2 a5 11.Qc1 a4 12.Bh6 Nc5 13.Bxg7 Kxg7 14.Rd1 f5 15.exf5 Bxf5
16.Ne3 Be6 17.Nb5 Rc8 18.Nd4 Nxd4 19.Rxd4 b5 20.Rh4 Kg8 21.Qd2 bxc4 22.Bxc4 Bxc4
23.Rxc4 Qe8 24.Re1 Rb8 25.h4 Qf7 26.Re2 Rb7 27.Nd5 e5 28.Ne3 Qe6 29.h5 gxh5
30.Qd1 Rb6 31.Rd2 Qg6 32.Rh4 Rfb8 33.Nc4 Rc6 34.Nxd6 Rd8 35.Nc4 Rxd2 36.Qxd2 Qd3
37.Qg5+ Rg6 38.Qxh5 h6 39.Nxe5 Qb1+ 40.Kh2 Rg7 41.Qxh6 1-0

[Event "XXXIV Open Internacional de Barbera del Valles - G
[Site "Barbera del Valles (Spain)"]
[Date "2011.07.05"]
[Round "2"]
[Board "1"]
[White "GUIX TORRES, David"]
[Black "VIDARTE MORALES, Arturo"]
[Result "0-1"]
[WhiteElo "2019"]
[BlackElo "2359"]
[PlyCount "134"]
[EventDate "2011.07.04"]
[EventRounds "9"]
[EventCountry "ESP"]

1.e4 c5 2.Nf3 d6 3.c3 Nf6 4.Be2 Nc6 5.d4 cxd4 6.cxd4 Nxe4 7.d5 Qa5+ 8.Nc3 Nxc3
9.bxc3 Ne5 10.Nxe5 Qxc3+ 11.Bd2 Qxe5 12.O-O Qxd5 13.Bf3 Qd4 14.Rc1 e6 15.Qe2 Bd7
16.Bxb7 Rb8 17.Be3 Qa4 18.Ba6 Be7 19.Rc7 O-O 20.Rxa7 Ra8 21.Rxa8 Rxa8 22.Bc4 d5
23.Bb3 Qa6 24.Qd2 Rc8 25.Rc1 Rxc1+ 26.Qxc1 Qd3 27.Bc2 Qc4 28.Qb1 f5 29.Bb3 Qc3
30.Qd1 Bb4 31.g3 Qe1+ 32.Qxe1 Bxe1 33.Bd4 Kf7 34.Kf1 Ba5 35.Ke2 Bb5+ 36.Ke3 g5
37.f4 g4 38.a4 Ba6 39.Bd1 Ke7 40.Be2 Bxe2 41.Kxe2 Kd6 42.Kd3 Kc6 43.Bf6 Bb6
44.Bd4 Bc5 45.Kc3 Kb6 46.Bxc5+ Kxc5 47.Kb3 Kd4 48.Kb4 Ke3 49.a5 d4 50.a6 d3
51.a7 d2 52.a8=Q d1=Q 53.Qa3+ Kf2 54.Qa2+ Kg1 55.Qxe6 Qb1+ 56.Kc3 Kxh2 57.Qe2+
Kxg3 58.Qe3+ Kg2 59.Qe2+ Kh3 60.Qe3+ g3 61.Qf3 Qe1+ 62.Kb3 Qe4 63.Qh5+ Kg2
64.Qh4 Kf3 65.Qxh7 Qxf4 66.Qh5+ Kf2 67.Kc2 g2 0-1

[Event "XXXIV Open Internacional de Barbera del Valles - G
[Site "Barbera del Valles (Spain)"]
[Date "2011.07.05"]
[Round "2"]
[Board "1"]
[White "AMORES GAGO, Javier"]
[Black "DOMINGUEZ PONS, Eric"]
[Result "0-1"]
[WhiteElo "2041"]
[BlackElo "2344"]
[PlyCount "100"]
[EventDate "2011.07.04"]
[EventRounds "9"]
[EventCountry "ESP"]

1.e4 c6 2.d4 d5 3.f3 e6 4.Bd3 dxe4 5.Bxe4 Nf6 6.Ne2 c5 7.c3 Be7 8.O-O O-O 9.Be3
Nbd7 10.Nd2 cxd4 11.cxd4 Nb6 12.Bf2 Nbd5 13.Rc1 Bd7 14.Nc4 Bb5 15.Qb3 Ba6 16.a3
Rc8 17.Rfe1 Qe8 18.Ne3 Qd7 19.Nxd5 Nxd5 20.Bd3 Bxd3 21.Qxd3 Bg5 22.Rxc8 Rxc8
23.g3 Rd8 24.f4 Bf6 25.Rc1 Ne7 26.b4 h5 27.Rd1 Nd5 28.Rc1 g6 29.Rc2 Bg7 30.Rc1
Ne7 31.Qf3 b6 32.Kh1 Nf5 33.Qe4 b5 34.Kg2 Ne7 35.Rc5 a6 36.Qf3 Nd5 37.Qe4 a5
38.bxa5 Bf8 39.Rc2 Bxa3 40.Be1 Qb7 41.Kg1 b4 42.Ra2 Qb5 43.Qb1 Qxa5 44.Qb3 Qc7
45.Rc2 Qd7 46.Bf2 Ra8 47.Nc1 Bxc1 48.Rxc1 Qb5 49.Kg2 Qe2 50.Rc2 Ne3+ 0-1

[Event "XXXIV Open Internacional de Barbera del Valles - G
[Site "Barbera del Valles (Spain)"]
[Date "2011.07.05"]
[Round "2"]
[Board "1"]
[White "LUNA CORTES, Luis"]
[Black "CARLSSON, Pontus"]
[Result "0-1"]
[WhiteElo "2143"]
[BlackElo "2496"]
[PlyCount "130"]
[EventDate "2011.07.04"]
[EventRounds "9"]
[EventCountry "ESP"]

1.Nc3 d5 2.e4 e6 3.Nf3 Nf6 4.exd5 exd5 5.d4 Be7 6.Bd3 Bg4 7.h3 Bh5 8.g4 Bg6
9.Ne5 c6 10.g5 Nfd7 11.Nxg6 hxg6 12.Qg4 Nf8 13.Bd2 Qd7 14.Qg2 Ne6 15.Ne2 c5
16.dxc5 Nxc5 17.O-O-O Nxd3+ 18.cxd3 Nc6 19.Kb1 O-O-O 20.Bf4 Bd6 21.Bxd6 Qxd6
22.Qg4+ Qd7 23.Qf3 Rh4 24.Rc1 Rdh8 25.Rc5 Rxh3 26.Rxh3 Rxh3 27.Ng3 Qe6 28.Qxd5
Qxd5 29.Rxd5 Rh2 30.a3 Rxf2 31.Ne4 Rf1+ 32.Kc2 Ne7 33.Rb5 b6 34.Kd2 Kd7 35.Ke2
Rf5 36.Rb4 Nd5 37.Ra4 a5 38.Rc4 Nf4+ 39.Ke3 Ne6 40.b4 b5 41.Rc1 axb4 42.axb4
Nxg5 43.Nc5+ Ke7 44.Ra1 Rf3+ 45.Ke2 Rh3 46.Ra5 Nf3 47.Ra7+ Kd6 48.Rxf7 Nd4+
49.Kd1 Ne6 50.Ne4+ Kc6 51.Kd2 g5 52.Re7 Rh2+ 53.Kc3 Rh6 54.Ra7 g4 55.Ra6+ Kd5
56.Rb6 Nc7 57.Rb7 Kc6 58.Rb8 Nd5+ 59.Kb3 Rh3 60.Nc5 g3 61.Rg8 Rh4 62.Rxg7 Rxb4+
63.Ka3 Kxc5 64.Rxg3 Rb1 65.Rg5 Kd4 0-1

[Event "XXXIV Open Internacional de Barbera del Valles - G
[Site "Barbera del Valles (Spain)"]
[Date "2011.07.05"]
[Round "2"]
[Board "1"]
[White "SIMON PADROS, Emili"]
[Black "LJUBAROV, Mark"]
[Result "1/2-1/2"]
[WhiteElo "2279"]
[BlackElo "2115"]
[PlyCount "77"]
[EventDate "2011.07.04"]
[EventRounds "9"]
[EventCountry "ESP"]

1.e4 e5 2.Nf3 Nc6 3.Bb5 f5 4.Nc3 fxe4 5.Nxe4 Nf6 6.Nxf6+ Qxf6 7.Qe2 Be7 8.Bxc6
bxc6 9.Nxe5 Qe6 10.Nf3 Qxe2+ 11.Kxe2 c5 12.Re1 Bb7 13.Kf1 Bxf3 14.gxf3 Rf8 15.d3
Rf7 16.Bg5 h6 17.Bxe7 Rxe7 18.Re4 d5 19.Ra4 Kd7 20.Re1 Rf7 21.Kg2 Kd6 22.c3 c6
23.Rg4 Rg8 24.h4 g6 25.Kg3 Rf6 26.Rf4 Rxf4 27.Kxf4 Rf8+ 28.Kg4 a5 29.f4 a4 30.a3
d4 31.Re4 Rb8 32.cxd4 Rxb2 33.dxc5+ Kxc5 34.f5 gxf5+ 35.Kxf5 Kb5 36.Kg6 Rxf2
37.Kxh6 Ra2 38.Rb4+ Ka5 39.Rc4 1/2-1/2

[Event "XXXIV Open Internacional de Barbera del Valles - G
[Site "Barbera del Valles (Spain)"]
[Date "2011.07.05"]
[Round "2"]
[Board "1"]
[White "BALAGUE CAMPS, Marc"]
[Black "COLON GARCIA, Enrique"]
[Result "0-1"]
[WhiteElo "2119"]
[BlackElo "2276"]
[PlyCount "104"]
[EventDate "2011.07.04"]
[EventRounds "9"]
[EventCountry "ESP"]

1.Nf3 Nf6 2.c4 e6 3.g3 d5 4.cxd5 exd5 5.Bg2 Bd6 6.O-O O-O 7.Qc2 Re8 8.d4 c6 9.a3
Bg4 10.Re1 Nbd7 11.Nc3 h6 12.Nh4 Qb6 13.h3 Be6 14.Be3 Rac8 15.b4 Qc7 16.Na4 Ne4
17.Bxe4 dxe4 18.Kh2 g5 19.Ng2 f5 20.Qc1 Nf6 21.Nc5 Qg7 22.Nxe6 Rxe6 23.f4 exf3
24.exf3 Bxg3+ 25.Kxg3 f4+ 26.Kf2 fxe3+ 27.Nxe3 Qc7 28.Nf1 Qd7 29.Rxe6 Qxe6
30.Qc2 Nd5 31.Re1 Qf6 32.Re5 Rf8 33.Qb3 Kg7 34.Ng3 Kh8 35.Qd3 Nf4 36.Qe4 Nxh3+
37.Kg2 Nf4+ 38.Kf2 Qf7 39.Ne2 Nd5 40.Re6 Qh5 41.Qe5+ Kg8 42.Qg3 Kh7 43.Re5 Qg6
44.Qh3 g4 45.Qh4 Rxf3+ 46.Kg2 Ne3+ 47.Kh2 Rh3+ 48.Qxh3 gxh3 49.Re7+ Kg8 50.Nf4
Nf1+ 51.Kh1 Qg3 52.Re8+ Kf7 0-1

[Event "XXXIV Open Internacional de Barbera del Valles - G
[Site "Barbera del Valles (Spain)"]
[Date "2011.07.05"]
[Round "2"]
[Board "1"]
[White "THOMPSON, Ian D"]
[Black "CASTRO EXPOSITO, Cristobal"]
[Result "0-1"]
[WhiteElo "2274"]
[BlackElo "2084"]
[PlyCount "92"]
[EventDate "2011.07.04"]
[EventRounds "9"]
[EventCountry "ESP"]

1.c4 e6 2.Nc3 d5 3.d4 Nf6 4.Bg5 Be7 5.e3 O-O 6.cxd5 exd5 7.Bd3 c6 8.Qc2 h6 9.Bh4
Re8 10.Nge2 Ne4 11.Bxe7 Qxe7 12.Nxe4 dxe4 13.Bc4 Qb4+ 14.Qc3 Qxc3+ 15.bxc3 Nd7
16.Bb3 b5 17.c4 a5 18.cxb5 cxb5 19.Nc3 Rb8 20.a4 b4 21.Nb5 Rb6 22.Nc7 Rd8 23.O-O
Bb7 24.Rac1 Rc8 25.Nb5 Rxc1 26.Rxc1 Rc6 27.Rd1 Ba6 28.d5 Rc8 29.d6 Bxb5 30.axb5
Rb8 31.Rc1 Rxb5 32.Ba4 Rb7 33.Rc8+ Kh7 34.Bc6 Ra7 35.Bxe4+ g6 36.Rc7 Rxc7
37.dxc7 Nb6 38.Kf1 f5 39.Bc2 Kg7 40.Ke2 Kf6 41.Kd3 Ke7 42.Ba4 g5 43.Kd4 Kd6
44.c8=Q Nxc8 45.Kc4 Nb6+ 46.Kb5 Nxa4 0-1

[Event "XXXIV Open Internacional de Barbera del Valles - G
[Site "Barbera del Valles (Spain)"]
[Date "2011.07.05"]
[Round "2"]
[Board "1"]
[White "BALS HERNANDEZ, Jordi"]
[Black "CRUZ LLEDO, Pablo"]
[Result "1/2-1/2"]
[WhiteElo "2089"]
[BlackElo "2269"]
[PlyCount "137"]
[EventDate "2011.07.04"]
[EventRounds "9"]
[EventCountry "ESP"]

1.d4 Nf6 2.c4 c6 3.Nf3 d5 4.e3 g6 5.Be2 Bg7 6.O-O O-O 7.Nc3 dxc4 8.Bxc4 Bg4 9.h3
Bxf3 10.Qxf3 Nbd7 11.Rd1 e5 12.d5 e4 13.Nxe4 Nxe4 14.Qxe4 Nb6 15.Rb1 Re8 16.Qc2
cxd5 17.Bb5 Rc8 18.Qb3 Re6 19.Be2 Rc7 20.Bd2 h5 21.Bb4 Qh4 22.Bf1 Qg5 23.a4 Nc4
24.Rbc1 Rec6 25.Bxc4 dxc4 26.Qc2 a6 27.Bc3 b5 28.Ra1 Qe7 29.axb5 axb5 30.Bxg7
Kxg7 31.Rd4 Rd6 32.Qc3 Rxd4 33.Qxd4+ Qf6 34.Qc3 Rd7 35.Qxf6+ Kxf6 36.Ra6+ Ke7
37.Rb6 Rd1+ 38.Kh2 Rd5 39.e4 Rc5 40.Kg3 Kd7 41.Rb7+ Kc8 42.Rxf7 b4 43.Ra7 b3
44.Ra1 Kd7 45.Rc1 c3 46.bxc3 b2 47.Rb1 Rxc3+ 48.f3 Rc2 49.f4 h4+ 50.Kxh4 Rxg2
51.Rd1+ Ke6 52.Rb1 Kd6 53.Rd1+ Kc5 54.f5 Rd2 55.Rf1 Rf2 56.Rb1 gxf5 57.exf5 Rg2
58.Rd1 Rd2 59.Rb1 Kd6 60.Kg5 Ke7 61.h4 Rg2+ 62.Kf4 Kf6 63.Ke4 Rh2 64.h5 Kg5
65.Rg1+ Kxh5 66.Kd3 Rg2 67.Rb1 Kg5 68.Kc3 Kxf5 69.Rxb2 1/2-1/2

[Event "XXXIV Open Internacional de Barbera del Valles - G
[Site "Barbera del Valles (Spain)"]
[Date "2011.07.05"]
[Round "2"]
[Board "1"]
[White "CAPELLADES SUBIRANA, Marc"]
[Black "RIDAMEYA TATCHE, Jose Miguel"]
[Result "1/2-1/2"]
[WhiteElo "2260"]
[BlackElo "2072"]
[PlyCount "155"]
[EventDate "2011.07.04"]
[EventRounds "9"]
[EventCountry "ESP"]

1.e4 e6 2.d4 d5 3.Nd2 c5 4.dxc5 Bxc5 5.e5 Qc7 6.Ngf3 Nc6 7.Bb5 Bxf2+ 8.Kxf2 Qb6+
9.Kg3 Qxb5 10.Nb3 Nge7 11.Nbd4 Nxd4 12.Nxd4 Nf5+ 13.Nxf5 exf5 14.Qd3 Qxd3+
15.cxd3 Bd7 16.Be3 O-O 17.Rhc1 Bc6 18.Bd4 h6 19.h4 Kh7 20.Kf4 g6 21.g4 fxg4
22.Kxg4 a6 23.Kg3 Rfe8 24.Rf1 Kg8 25.Rac1 Rac8 26.Rc3 Bd7 27.Rfc1 Rxc3 28.Rxc3
Rc8 29.Rxc8+ Bxc8 30.Be3 Bf5 31.d4 h5 32.Kf4 Kf8 33.Bd2 Ke7 34.Bb4+ Kd7 35.Bf8
Kc6 36.Ke3 Kb5 37.b3 Bb1 38.a4+ Kc6 39.Kd2 b5 40.axb5+ axb5 41.Be7 Kd7 42.Bf6
Bf5 43.Kc3 Kc6 44.Kb4 Bc2 45.Bg5 Bd1 46.Kc3 Kd7 47.Bc1 Kc6 48.Be3 Kd7 49.Kb2 Kc6
50.Bd2 Kb6 51.Be1 Ka6 52.Bb4 Kb6 53.Be7 Kc6 54.Kc3 Kb6 55.Bf6 Kc6 56.b4 Bg4
57.Kd3 Kd7 58.Ke3 Be6 59.Kf4 Ke8 60.Kg5 Bf5 61.Kh6 Kf8 62.Bg5 Bg4 63.Bd8 Be6
64.Kg5 Bf5 65.Kf6 Be6 66.Be7+ Ke8 67.Bc5 Kd7 68.Bf8 Ke8 69.Bh6 Bf5 70.Bg5 Be6
71.Kg7 Bf5 72.Kf6 Bg4 73.Bf4 Bf5 74.Kg7 Be6 75.Kg8 Bf5 76.Kg7 Be6 77.Kg8 Bf5
78.Kg7 1/2-1/2

[Event "XXXIV Open Internacional de Barbera del Valles - G
[Site "Barbera del Valles (Spain)"]
[Date "2011.07.05"]
[Round "2"]
[Board "1"]
[White "PHADKE, Sohan"]
[Black "VAN DER VEEN, Ronald"]
[Result "1-0"]
[WhiteElo "2252"]
[BlackElo "2034"]
[PlyCount "45"]
[EventDate "2011.07.04"]
[EventRounds "9"]
[EventCountry "ESP"]

1.e4 c6 2.d4 d5 3.exd5 Qxd5 4.Nc3 Qd8 5.Bc4 Nf6 6.Nf3 Bf5 7.Ne5 e6 8.g4 Be4
9.Nxe4 Nxe4 10.Qf3 Nd6 11.Bb3 Nd7 12.Bf4 a5 13.a4 Be7 14.h4 Nf6 15.c4 h6
16.O-O-O h5 17.g5 Ng4 18.g6 f6 19.Nxg4 hxg4 20.Qxg4 f5 21.Qe2 Qb6 22.Bxd6 Bxd6
23.Qxe6+ 1-0

[Event "XXXIV Open Internacional de Barbera del Valles - G
[Site "Barbera del Valles (Spain)"]
[Date "2011.07.05"]
[Round "2"]
[Board "1"]
[White "VILARNOVO CAAMANO, Jose"]
[Black "CANAL OLIVERAS, Joan"]
[Result "1/2-1/2"]
[WhiteElo "2061"]
[BlackElo "2247"]
[PlyCount "61"]
[EventDate "2011.07.04"]
[EventRounds "9"]
[EventCountry "ESP"]

1.e4 e5 2.Nc3 Nf6 3.Nf3 Nc6 4.d4 exd4 5.Nxd4 Bb4 6.Nxc6 bxc6 7.Bd3 d5 8.e5 Ng4
9.Bf4 d4 10.Qf3 dxc3 11.O-O-O Rb8 12.Bf5 Qe7 13.Bxc8 Rxc8 14.Qxg4 O-O 15.Rd7 f5
16.exf6 Qxf6 17.Be3 Bd6 18.Bd4 Be5 19.Rd1 Bxd4 20.R1xd4 cxb2+ 21.Kb1 Rfe8 22.Rd1
a5 23.Qc4+ Kh8 24.Rf7 Re4 25.Qa6 Rd8 26.Rxf6 Rxd1+ 27.Kxb2 gxf6 28.Qc8+ Kg7
29.Qxc7+ Kg6 30.Qg3+ Kf7 31.Qc7+ 1/2-1/2

[Event "XXXIV Open Internacional de Barbera del Valles - G
[Site "Barbera del Valles (Spain)"]
[Date "2011.07.05"]
[Round "2"]
[Board "1"]
[White "LOSADA CARRERA, Francisco Javie"]
[Black "JARENO BADENAS, Aleix"]
[Result "0-1"]
[WhiteElo "2231"]
[BlackElo "2026"]
[PlyCount "80"]
[EventDate "2011.07.04"]
[EventRounds "9"]
[EventCountry "ESP"]

1.e4 e6 2.d3 d5 3.Nd2 c5 4.Ngf3 Nc6 5.g3 Nf6 6.Bg2 Be7 7.O-O O-O 8.Re1 b5 9.e5
Nd7 10.Nf1 a5 11.h4 b4 12.N1h2 Ba6 13.Bf4 a4 14.a3 bxa3 15.bxa3 Rb8 16.Ng5 c4
17.dxc4 Bxc4 18.Qh5 Bxg5 19.hxg5 Qe8 20.Qh3 Nd4 21.Bf1 Nxc2 22.Bxc4 dxc4 23.Kg2
Nxe1+ 24.Rxe1 Rb3 25.Rh1 Qa8+ 26.Kg1 Rb1+ 27.Nf1 Qe4 28.g6 Qxg6 29.Qg2 Qd3
30.Rh3 Rfb8 31.g4 Qc2 32.Kh2 Nf8 33.Ne3 Qa2 34.Rf3 c3 35.g5 c2 36.Ng4 c1=Q
37.Bxc1 Rxc1 38.Qg3 Qb1 39.Kh3 Qg6 40.Nh2 Qh5+ 0-1

[Event "XXXIV Open Internacional de Barbera del Valles - G
[Site "Barbera del Valles (Spain)"]
[Date "2011.07.05"]
[Round "2"]
[Board "1"]
[White "SANCHEZ DENGRA, Jose Maria"]
[Black "DESHPANDE, Aniruddha"]
[Result "0-1"]
[WhiteElo "1986"]
[BlackElo "2228"]
[PlyCount "69"]
[EventDate "2011.07.04"]
[EventRounds "9"]
[EventCountry "ESP"]

1.e4 c5 2.Nf3 Nc6 3.d4 cxd4 4.Nxd4 g6 5.Nc3 Bg7 6.Be3 Nf6 7.Bc4 O-O 8.Bb3 a5
9.f3 d5 10.Bxd5 Nxd5 11.Nxd5 f5 12.Nxc6 bxc6 13.Nb6 Rb8 14.Qxd8 Rxd8 15.Nxc8
Rdxc8 16.Rb1 fxe4 17.fxe4 Bxb2 18.Ke2 Be5 19.g3 Kf7 20.Bf4 Ke6 21.Ke3 Rb5 22.c4
Rb4 23.Rxb4 axb4 24.Bxe5 Kxe5 25.Rb1 c5 26.Rd1 e6 27.Rd7 Ra8 28.Rxh7 Ra3+ 29.Kd2
Rxa2+ 30.Kd3 Ra3+ 31.Kd2 Kd4 32.Re7 Ra2+ 33.Kc1 Kc3 34.Kb1 Rxh2 35.Rd7 0-1

[Event "XXXIV Open Internacional de Barbera del Valles - G
[Site "Barbera del Valles (Spain)"]
[Date "2011.07.05"]
[Round "2"]
[Board "1"]
[White "GARCIA DE LOMAS GUERRERO, Carlo"]
[Black "BAS MAS, Jose Joaquin"]
[Result "1/2-1/2"]
[WhiteElo "1980"]
[BlackElo "2194"]
[PlyCount "67"]
[EventDate "2011.07.04"]
[EventRounds "9"]
[EventCountry "ESP"]

1.e4 c5 2.Nf3 e6 3.d4 cxd4 4.Nxd4 a6 5.Bd3 Qc7 6.O-O Nf6 7.Qe2 h5 8.h3 Bc5 9.Nb3
Ba7 10.Be3 Bxe3 11.Qxe3 d6 12.c4 Nbd7 13.f4 Qb6 14.Qxb6 Nxb6 15.c5 dxc5 16.Nxc5
Nfd7 17.Nxd7 Bxd7 18.Nc3 Bc6 19.Rad1 O-O-O 20.b3 h4 21.Bc2 Kc7 22.Kf2 Rxd1
23.Bxd1 Nd7 24.Ke3 e5 25.f5 Rd8 26.Bf3 Nf6 27.Rd1 Rg8 28.Rd2 g5 29.fxg6 Rxg6
30.Rd1 Rg3 31.Ne2 Rg5 32.Rf1 Ne8 33.Bg4 Nd6 34.Nc3 1/2-1/2

[Event "XXXIV Open Internacional de Barbera del Valles - G
[Site "Barbera del Valles (Spain)"]
[Date "2011.07.05"]
[Round "2"]
[Board "1"]
[White "VELEZ ROMERO, Juan Luis"]
[Black "ARANAZ MURILLO, Amalia"]
[Result "1/2-1/2"]
[WhiteElo "1939"]
[BlackElo "2176"]
[PlyCount "59"]
[EventDate "2011.07.04"]
[EventRounds "9"]
[EventCountry "ESP"]

1.d4 Nf6 2.Nf3 d5 3.e3 c5 4.b3 Nc6 5.Bb2 cxd4 6.exd4 g6 7.Be2 Bg7 8.O-O O-O
9.Nbd2 Bf5 10.a3 Rc8 11.Rc1 Ne4 12.Bd3 Qb6 13.Bxe4 dxe4 14.Nc4 Qc7 15.Nfe5 Nxe5
16.dxe5 b5 17.Ne3 Rfd8 18.Qe2 Bxe5 19.c4 Bxb2 20.Qxb2 bxc4 21.Rxc4 Qb7 22.Rb4
Qd7 23.h3 Rb8 24.Rd1 Qc7 25.Rxb8 Rxb8 26.Nd5 Qb7 27.b4 Be6 28.Nf4 Bd7 29.Qe5 Bc6
30.h4 1/2-1/2

[Event "XXXIV Open Internacional de Barbera del Valles - G
[Site "Barbera del Valles (Spain)"]
[Date "2011.07.05"]
[Round "2"]
[Board "1"]
[White "TRUJILLO, Villega Pablo Adrian"]
[Black "GEORGIEVA, Emilia"]
[Result "1-0"]
[WhiteElo "2173"]
[BlackElo "1975"]
[PlyCount "59"]
[EventDate "2011.07.04"]
[EventRounds "9"]
[EventCountry "ESP"]

1.e4 c6 2.Nc3 d5 3.Nf3 e6 4.d4 Bb4 5.e5 c5 6.a3 Bxc3+ 7.bxc3 c4 8.g3 Qa5 9.Bd2
Bd7 10.Bh3 h6 11.Qb1 Bc6 12.O-O Na6 13.Nh4 g5 14.Ng2 O-O-O 15.f4 g4 16.Bxg4 f5
17.exf6 Nxf6 18.Bxe6+ Bd7 19.Bxd7+ Rxd7 20.Nh4 Ne4 21.Qd1 Qd8 22.Ng6 Rg8 23.f5
h5 24.Bf4 h4 25.Qf3 hxg3 26.hxg3 Rf7 27.Rae1 Rxf5 28.Qg4 Qd7 29.Qxf5 Qxf5
30.Ne7+ 1-0

[Event "XXXIV Open Internacional de Barbera del Valles - G
[Site "Barbera del Valles (Spain)"]
[Date "2011.07.05"]
[Round "2"]
[Board "1"]
[White "BUFI PUJADAS, Antonio"]
[Black "NAVARRETE ESPI, Samuel"]
[Result "1/2-1/2"]
[WhiteElo "1902"]
[BlackElo "2169"]
[PlyCount "77"]
[EventDate "2011.07.04"]
[EventRounds "9"]
[EventCountry "ESP"]

1.e4 e5 2.Nf3 Nc6 3.d4 exd4 4.Bc4 Bc5 5.c3 Nf6 6.cxd4 Bb4+ 7.Bd2 Bxd2+ 8.Nbxd2
d5 9.exd5 Nxd5 10.O-O O-O 11.Re1 Nf4 12.Ne4 Bg4 13.h3 Bh5 14.Ng3 Bxf3 15.Qxf3
Qxd4 16.Re4 Qxb2 17.Rae1 Ng6 18.Qh5 Rad8 19.R4e3 Nd4 20.Ne4 Nf4 21.Qh4 Nfe6
22.Nf6+ gxf6 23.Rg3+ Ng7 24.Qg4 Ndf5 25.Qxf5 Kh8 26.Qg4 f5 27.Qg5 f4 28.Rb3 Qd2
29.Rbb1 Rd6 30.Red1 Qc2 31.Bb3 Rxd1+ 32.Rxd1 Qe4 33.Bd5 Qc2 34.Bf3 Qxa2 35.Bxb7
f6 36.Qxf4 Ne6 37.Qh6 Qb3 38.Rd7 Qb1+ 39.Kh2 1/2-1/2

[Event "XXXIV Open Internacional de Barbera del Valles - G
[Site "Barbera del Valles (Spain)"]
[Date "2011.07.06"]
[Round "3"]
[Board "1"]
[White "PEREZ MITJANS, Orelvis"]
[Black "ITURRIZAGA, Eduardo"]
[Result "1/2-1/2"]
[WhiteElo "2452"]
[BlackElo "2603"]
[PlyCount "61"]
[EventDate "2011.07.04"]
[EventRounds "9"]
[EventCountry "ESP"]

1.e4 c5 2.Nf3 Nc6 3.Bb5 d6 4.O-O Bd7 5.Re1 Nf6 6.c3 a6 7.Bf1 Bg4 8.h3 Bxf3
9.Qxf3 g6 10.Qd1 e5 11.d3 Bg7 12.Be3 O-O 13.a3 Re8 14.Nd2 Rc8 15.Qb1 Nh5 16.Qa2
Ne7 17.b4 cxb4 18.cxb4 d5 19.Nb3 d4 20.Bd2 Nc6 21.Nc5 Re7 22.Rec1 Rec7 23.Rc2
Na7 24.Rac1 Bf8 25.Be2 Nf6 26.Nb3 Nb5 27.Rxc7 Rxc7 28.Rxc7 Qxc7 29.Qb2 Nd7
30.Bf1 Nb6 31.Na5 1/2-1/2